000 00956nam a22003137a 4500
003 CHAP
005 20220329135940.0
008 971013s1962 r 00010 d
010 _a44549
011 _a45521
035 _a49660
040 _cCHAP
090 _aFolleto 5229y
100 0 0 _aTeiwes, Gerd.
_9112008
245 1 _aNutrición y abonado de la palmera cocotera
260 _aHannover :
_bVerlagsgesellschaft fur Ackerbau,
_c1962
300 _a51 p.
490 _aBoletín verde
_v; 15
590 _aBATCH-UPD
_b10
_c20130110
_lUCH01
_h1058
590 _aBATCH-UPD
_b10
_c20130410
_lUCH01
_h0652
590 _aBATCH-UPD
_b10
_c20130914
_lUCH01
_h0955
590 _aCONVERSION
_b10
_c20130109
_lUCH01
_h1324
650 1 4 _aCoco.
_924234
650 1 4 _aFertilizantes
_xEfecto en árboles frutales.
_940533
830 0 _aBoletín verde
_v; 15
_913566
901 _aBK
942 _cFOLL
949 _aFolleto 5229y
_bBC
_cFOLL
_d-111934
_eTS1
_i49660
_mD
_si
999 _c44549
_d44549